000 01145nam a22002657a 4500
003 NALT
005 20251125233019.0
008 s2003 eng d
020 _a9747799065
040 _aNALT
041 _aeng
090 _aKE57
_bL45 2003
245 0 0 _aLegal foundations for public consultaion in government decision-making :
_bกรอบกฎหมายการรับฟังความคิดเห็นของประชาชนในกระบวนการตัดสินใจของภาครัฐ /
_cedited by Patcharee Siroros.
260 _aBangkok :
_bThammasat university,
_c2003.
300 _a333 p. ;
_c 21 cm.
_b
650 0 4 _aPublic Hearing -- Legal aspects
650 0 4 _aPublic Hearing -- Law and legislation -- Thailand
650 0 4 _aPublic participation -- Thailand
650 0 4 _aPublic administration -- Thailand -- Citizen participation
700 0 _953347
_aPatcharee Siroros.
850 _aNALT
856 4 0 _uhttps://hdl.handle.net/20.500.14156/301823
942 _cLB
_2local
998 _c103
_j8
_k นายบัณฑิต อุทาวงค์
999 _c51062
_d51062